| 000 -LEADER |
| fixed length control field |
00489nam a22001697a 4500 |
| 008 - FIXED-LENGTH DATA ELEMENTS--GENERAL INFORMATION |
| fixed length control field |
150708b xxu||||| |||| 00| 0 alb d |
| 020 ## - INTERNATIONAL STANDARD BOOK NUMBER |
| International Standard Book Number |
9789951417532 |
| 041 0# - LANGUAGE CODE |
| Language code of text/sound track or separate title |
alb |
| 080 ## - UNIVERSAL DECIMAL CLASSIFICATION NUMBER |
| Universal Decimal Classification number |
930.23 |
| Common auxiliary subdivision |
(496.51) |
| 100 ## - Rafti |
| Rafti |
Malcolm, Noel ; |
| 245 ## - TITLE STATEMENT |
| Title |
Kosova : |
| Statement of responsibility, etc |
Noel Malcolm. |
| 260 ## - |
| -- |
Prishtinë : |
| -- |
KOHA ; |
| -- |
2011. |
| 300 ## - |
| -- |
495 f.: |
| -- |
me il.; |
| -- |
24 cm. |
| 500 ## - |
| -- |
Parathënie e botimit të dytë: f.21-33 |
| 650 #0 - |
| -- |
Historia |
| -- |
Kosova |
| 942 ## - ADDED ENTRY ELEMENTS (KOHA) |
| Source of classification or shelving scheme |
|
| Item type |
Books |